[Event "42nd GRE-ch Women 2019"]
[Site "Thessaloniki"]
[Date "2019.11.23"]
[Round "4.2"]
[White "Serefidou, Despina"]
[Black "Koutsidi, Amalia"]
[Result "1/2-1/2"]
[WhiteElo "1899"]
[BlackElo "1724"]
[Annotator "NA"]
[PlyCount "150"]
[EventDate "2019.11.20"]
[EventType "tourn"]
[EventCountry "GRE"]
[SourceTitle "playchess.com"]
[Source "ChessBase"]
[SourceQuality "1"]
[TimeControl "40/5400+30:1800+30"]

1. e4 {[%emt 0:00:00]} c5 {[%emt 0:00:00]} 2. Nf3 {[%emt 0:00:00]} d6 {[%emt 0:00:00]} 3. d4 {[%emt 0:00:00]} cxd4 {[%emt 0:00:00]} 4. Nxd4 {[%emt 0:00:00]} Nf6 {[%emt 0:00:00]} 5. Nc3 {[%emt 0:00:00]} a6 {[%emt 0:00:00]} 6. Be2 {[%emt 0:00:09]} e5 {[%emt 0:00:07]} 7. Nb3 {[%emt 0:00:08]} Be7 {[%emt 0:00:13]} 8. Be3 {[%emt 0:00:33]} Qc7 {[%emt 0:01:34]} 9. Nd5 {[%emt 0:08:40]} Nxd5 {[%emt 0:01:31]} 10. Qxd5 {[%emt 0:01:26]} Be6 {[%emt 0:01:45]} 11. Qd2 {[%emt 0:16:50]} Nd7 {[%emt 0:05:49]} 12. f4 {[%emt 0:19:26]} Nf6 {[%emt 0:06:43]} 13. Bf3 {[%emt 0:02:28]} Rc8 {[%emt 0:06:02]} 14. Rc1 {[%emt 0:09:13]} O-O {[%emt 0:14:12]} 15. f5 {[%emt 0:06:59]} Bd7 {[%emt 0:01:01]} 16. g4 {[%emt 0:00:45]} Bc6 {[%emt 0:01:44]} 17. Qg2 {[%emt 0:01:12]} Rfd8 {[%emt 0:07:46]} 18. g5 {[%emt 0:01:42]} Nd7 {[%emt 0:03:00]} 19. f6 {[%emt 0:02:55]} Bf8 {[%emt 0:00:11]} 20. fxg7 {[%emt 0:03:31]} Bxg7 {[%emt 0:00:43]} 21. O-O {[%emt 0:14:50]} Nf8 {[%emt 0:06:25]} 22. Qf2 {[%emt 0:03:04]} Bd7 {[%emt 0:15:01]} 23. Bb6 {[%emt 0:01:17]} Qc4 {[%emt 0:01:10]} 24. Bxd8 {[%emt 0:00:07]} Rxd8 {[%emt 0:00:03]} 25. Qe2 {[%emt 0:04:27]} Qe6 {[%emt 0:02:12]} 26. Bh5 {[%emt 0:02:31]} Ng6 {[%emt 0:00:53]} 27. Bxg6 {[%emt 0:00:11]} fxg6 {[%emt 0:00:46]} 28. c4 {[%emt 0:00:55]} b5 {[%emt 0:06:36]} 29. c5 {[%emt 0:00:26]} d5 {[%emt 0:01:11]} 30. exd5 {[%emt 0:00:09]} Qxd5 {[%emt 0:00:00]} 31. Rfd1 {[%emt 0:00:44]} Qc6 {[%emt 0:03:46]} 32. Na5 {[%emt 0:00:38]} Qc7 {[%emt 0:00:07]} 33. c6 {[%emt 0:00:29]} Bc8 {[%emt 0:05:26]} 34. Rxd8+ {[%emt 0:00:40]} Qxd8 {[%emt 0:00:06]} 35. Nb3 {[%emt 0:00:27]} Qxg5+ {[%emt 0:01:46]} 36. Qg2 {[%emt 0:00:13]} Qe3+ {[%emt 0:00:27]} 37. Qf2 {[%emt 0:00:33]} Qg5+ {[%emt 0:00:26]} 38. Qg3 {[%emt 0:00:32]} Qf5 {[%emt 0:02:23]} 39. Rf1 {[%emt 0:00:44]} Qe6 {[%emt 0:01:13]} 40. Rc1 {[%emt 0:00:00]} Bh6 {[%emt 0:00:00]} 41. Rc2 {[%emt 0:11:30]} Qd5 {[%emt 0:06:38]} 42. Qe1 {[%emt 0:03:08]} Be3+ {[%emt 0:03:39]} 43. Qxe3 {[%emt 0:03:00]} Qd1+ {[%emt 0:01:12]} 44. Kf2 {[%emt 0:01:56]} Qxc2+ {[%emt 0:00:36]} 45. Kg3 {[%emt 0:03:35]} Qxc6 {[%emt 0:00:34]} 46. Qxe5 {[%emt 0:00:10]} Qe6 {[%emt 0:05:59]} 47. Qxe6+ {[%emt 0:09:04]} Bxe6 {[%emt 0:00:06]} 48. Nc5 {[%emt 0:00:09]} Bxa2 {[%emt 0:07:15]} 49. Nxa6 {[%emt 0:00:05]} Kf7 {[%emt 0:00:26]} 50. Nc7 {[%emt 0:02:18]} Bc4 {[%emt 0:03:18]} 51. b3 {[%emt 0:00:13]} Bd3 {[%emt 0:00:36]} 52. Kf4 {[%emt 0:00:20]} Ke7 {[%emt 0:01:39]} 53. Ke5 {[%emt 0:01:11]} g5 {[%emt 0:03:11]} 54. Ne6 {[%emt 0:00:46]} g4 {[%emt 0:00:57]} 55. Nd4 {[%emt 0:00:28]} h5 {[%emt 0:00:28]} 56. b4 {[%emt 0:00:19]} Kf7 {[%emt 0:01:17]} 57. Ne6 {[%emt 0:00:29]} h4 {[%emt 0:01:59]} 58. Ng5+ {[%emt 0:00:45]} Kg6 {[%emt 0:00:36]} 59. Kf4 {[%emt 0:00:37]} g3 {[%emt 0:03:45]} 60. hxg3 {[%emt 0:00:14]} hxg3 {[%emt 0:00:06]} 61. Nf3 {[%emt 0:00:34]} Be2 {[%emt 0:02:05]} 62. Kxg3 {[%emt 0:00:31]} Bxf3 {[%emt 0:00:04]} 63. Kxf3 {[%emt 0:00:03]} Kf5 {[%emt 0:00:06]} 64. Ke3 {[%emt 0:00:07]} Ke5 {[%emt 0:00:04]} 65. Kd3 {[%emt 0:01:00]} Kd5 {[%emt 0:00:05]} 66. Kc3 {[%emt 0:00:42]} Ke4 {[%emt 0:00:07]} 67. Kc2 {[%emt 0:00:42]} Kd4 {[%emt 0:00:07]} 68. Kb2 {[%emt 0:00:36]} Kc4 {[%emt 0:00:10]} 69. Kc2 {[%emt 0:00:18]} Kxb4 {[%emt 0:00:07]} 70. Kb2 {[%emt 0:00:07]} Ka4 {[%emt 0:02:20]} 71. Ka2 {[%emt 0:00:05]} b4 {[%emt 0:00:05]} 72. Kb2 {[%emt 0:00:12]} b3 {[%emt 0:00:40]} 73. Kb1 {[%emt 0:00:17]} Ka3 {[%emt 0:00:34]} 74. Ka1 {[%emt 0:00:05]} b2+ {[%emt 0:00:07]} 75. Kb1 {[%emt 0:00:03]} Kb3 {[%emt 0:00:03]} 1/2-1/2

[Event "42nd GRE-ch Women 2019"]
[Site "Thessaloniki"]
[Date "2019.11.23"]
[Round "4.3"]
[White "Makka, Ioulia"]
[Black "Grapsa, Georgia"]
[Result "0-1"]
[WhiteElo "2048"]
[BlackElo "2026"]
[Annotator "NA"]
[PlyCount "108"]
[EventDate "2019.11.20"]
[EventType "tourn"]
[EventCountry "GRE"]
[SourceTitle "playchess.com"]
[Source "ChessBase"]
[SourceQuality "1"]
[TimeControl "40/5400+30:1800+30"]

1. b3 {[%emt 0:00:00]} Nf6 {[%emt 0:00:00]} 2. Bb2 {[%emt 0:00:07]} g6 {[%emt 0:00:00]} 3. c4 {[%emt 0:04:15]} Bg7 {[%emt 0:00:06]} 4. g3 {[%emt 0:04:05]} O-O {[%emt 0:00:12]} 5. Bg2 {[%emt 0:00:40]} d5 {[%emt 0:03:58]} 6. cxd5 {[%emt 0:04:13]} Nxd5 {[%emt 0:00:06]} 7. Bxg7 {[%emt 0:00:30]} Kxg7 {[%emt 0:00:04]} 8. d4 {[%emt 0:09:09]} c6 {[%emt 0:01:22]} 9. Qd2 {[%emt 0:04:11]} Nd7 {[%emt 0:14:07]} 10. e4 {[%emt 0:03:18]} N5f6 {[%emt 0:01:04]} 11. f4 {[%emt 0:02:19]} Nb6 {[%emt 0:04:01]} 12. Qc3 {[%emt 0:08:15]} Be6 {[%emt 0:07:13]} 13. h3 {[%emt 0:04:23]} a5 {[%emt 0:02:35]} 14. g4 {[%emt 0:18:41]} Kg8 {[%emt 0:00:52]} 15. Ne2 {[%emt 0:12:01]} a4 {[%emt 0:00:38]} 16. f5 {[%emt 0:01:35]} Bd7 {[%emt 0:00:26]} 17. b4 {[%emt 0:01:26]} e6 {[%emt 0:04:28]} 18. fxg6 {[%emt 0:01:53]} hxg6 {[%emt 0:02:26]} 19. O-O {[%emt 0:00:34]} e5 {[%emt 0:07:40]} 20. dxe5 {[%emt 0:00:56]} Nh7 {[%emt 0:00:07]} 21. Rd1 {[%emt 0:08:30]} Re8 {[%emt 0:09:30]} 22. Nd2 {[%emt 0:01:08]} Be6 {[%emt 0:08:45]} 23. Nf3 {[%emt 0:02:52]} Qe7 {[%emt 0:03:02]} 24. Nf4 {[%emt 0:03:41]} Rad8 {[%emt 0:09:44]} 25. Rd4 {[%emt 0:01:11]} Ng5 {[%emt 0:02:10]} 26. Ne2 {[%emt 0:02:14]} Nxf3+ {[%emt 0:01:35]} 27. Bxf3 {[%emt 0:00:35]} Qg5 {[%emt 0:05:13]} 28. a3 {[%emt 0:00:33]} Nd7 29. Rad1 {[%emt 0:00:32]} Nxe5 {[%emt 0:05:41]} 30. Rxd8 {[%emt 0:00:36]} Nxf3+ {[%emt 0:00:07]} 31. Qxf3 {[%emt 0:00:08]} Rxd8 {[%emt 0:00:03]} 32. Rxd8+ {[%emt 0:00:25]} Qxd8 {[%emt 0:00:06]} 33. Kf2 {[%emt 0:00:42]} Qd1 {[%emt 0:01:35]} 34. Qc3 {[%emt 0:00:43]} Qh1 {[%emt 0:01:51]} 35. e5 {[%emt 0:00:28]} Bd5 {[%emt 0:00:47]} 36. Qg3 {[%emt 0:00:17]} Qa1 {[%emt 0:00:57]} 37. Qe3 {[%emt 0:00:42]} b5 {[%emt 0:00:48]} 38. h4 {[%emt 0:00:36]} Qh1 {[%emt 0:01:16]} 39. Qg3 {[%emt 0:00:30]} Qe4 {[%emt 0:00:19]} 40. h5 {[%emt 0:00:00]} g5 {[%emt 0:02:23]} 41. Nc3 {[%emt 0:10:49]} Qd4+ {[%emt 0:04:52]} 42. Ke1 {[%emt 0:04:03]} Be6 43. Ne2 {[%emt 0:03:20]} Qe4 {[%emt 0:01:11]} 44. Kd2 {[%emt 0:02:53]} Bxg4 {[%emt 0:07:04]} 45. Nc3 {[%emt 0:00:43]} Qd4+ {[%emt 0:00:30]} 46. Kc1 {[%emt 0:01:27]} Kh7 {[%emt 0:01:18]} 47. Qe1 {[%emt 0:03:42]} Kh6 {[%emt 0:03:13]} 48. Kb2 {[%emt 0:00:50]} Bf5 {[%emt 0:02:12]} 49. Qe2 {[%emt 0:01:28]} g4 {[%emt 0:00:54]} 50. Qh2 {[%emt 0:03:25]} Qe3 {[%emt 0:02:32]} 51. Qg2 {[%emt 0:02:46]} Kxh5 {[%emt 0:02:40]} 52. Qh1+ {[%emt 0:00:59]} Kg5 {[%emt 0:00:48]} 53. Qh2 {[%emt 0:00:30]} g3 {[%emt 0:00:56]} 54. Qg2 {[%emt 0:00:28]} Qf2+ {[%emt 0:00:17]} 0-1

[Event "42nd GRE-ch Women 2019"]
[Site "Thessaloniki"]
[Date "2019.11.23"]
[Round "4.4"]
[White "Stefanidi, Maria-Anna"]
[Black "Pavlidou, Ekaterini"]
[Result "0-1"]
[WhiteElo "2012"]
[BlackElo "2183"]
[Annotator "NA"]
[PlyCount "78"]
[EventDate "2019.11.20"]
[EventType "tourn"]
[EventCountry "GRE"]
[SourceTitle "playchess.com"]
[Source "ChessBase"]
[SourceQuality "1"]
[TimeControl "40/5400+30:1800+30"]

1. e4 {[%emt 0:00:00]} c5 {[%emt 0:00:00]} 2. Nf3 {[%emt 0:00:00]} Nc6 {[%emt 0:00:18]} 3. d4 {[%emt 0:00:00]} cxd4 {[%emt 0:00:11]} 4. Nxd4 {[%emt 0:00:00]} e5 {[%emt 0:00:42]} 5. Nb5 {[%emt 0:01:52]} d6 {[%emt 0:00:16]} 6. c4 {[%emt 0:00:28]} g6 {[%emt 0:01:51]} 7. N1c3 {[%emt 0:00:48]} a6 {[%emt 0:00:53]} 8. Na3 {[%emt 0:00:05]} Bg7 {[%emt 0:04:42]} 9. g3 {[%emt 0:03:32]} Nge7 {[%emt 0:00:50]} 10. Bg2 {[%emt 0:01:06]} O-O {[%emt 0:00:29]} 11. Be3 {[%emt 0:05:18]} f5 {[%emt 0:06:46]} 12. Qd2 {[%emt 0:03:02]} Nd4 {[%emt 0:19:19]} 13. h4 {[%emt 0:21:28]} Nec6 {[%emt 0:20:20]} 14. O-O-O {[%emt 0:12:56]} f4 {[%emt 0:11:10]} 15. gxf4 {[%emt 0:06:27]} exf4 {[%emt 0:00:25]} 16. Bxf4 {[%emt 0:01:20]} b5 {[%emt 0:04:05]} 17. Bg5 {[%emt 0:01:41]} Qb6 {[%emt 0:04:48]} 18. Nd5 {[%emt 0:17:20]} Qb7 {[%emt 0:03:19]} 19. e5 {[%emt 0:02:49]} Rf7 {[%emt 0:10:44]} 20. Nf6+ {[%emt 0:06:08]} Bxf6 {[%emt 0:01:01]} 21. Bxf6 {[%emt 0:00:12]} b4 {[%emt 0:01:29]} 22. Nb1 {[%emt 0:04:10]} Qb6 {[%emt 0:02:25]} 23. Bxc6 {[%emt 0:06:30]} Nxc6 {[%emt 0:00:02]} 24. Qd3 d5 25. Qxd5 {[%emt 0:00:39]} Bg4 {[%emt 0:00:39]} 26. Qd6 {[%emt 0:00:55]} Rd7 {[%emt 0:00:30]} 27. Qxd7 {[%emt 0:00:57]} Bxd7 {[%emt 0:00:01]} 28. Rxd7 {[%emt 0:00:07]} Ra7 {[%emt 0:01:45]} 29. Rhd1 {[%emt 0:00:43]} Qxf2 {[%emt 0:00:30]} 30. R7d6 {[%emt 0:01:48]} Qf4+ {[%emt 0:00:34]} 31. Nd2 {[%emt 0:00:26]} Rc7 {[%emt 0:04:26]} 32. Rf1 {[%emt 0:01:15]} Qe3 {[%emt 0:00:20]} 33. e6 {[%emt 0:00:53]} h5 {[%emt 0:00:38]} 34. Bg5 {[%emt 0:00:48]} Qe2 {[%emt 0:00:58]} 35. Bh6 {[%emt 0:00:50]} b3 {[%emt 0:00:13]} 36. axb3 {[%emt 0:00:45]} Nb4 {[%emt 0:00:45]} 37. Rf8+ {[%emt 0:00:39]} Kh7 {[%emt 0:00:01]} 38. Rf7+ {[%emt 0:00:05]} Rxf7 {[%emt 0:00:04]} 39. exf7 {[%emt 0:00:10]} Qe1# {[%emt 0:00:06]} 0-1

[Event "42nd GRE-ch Women 2019"]
[Site "Thessaloniki"]
[Date "2019.11.23"]
[Round "4.5"]
[White "Makka, Evanthia"]
[Black "Vozinaki, Anthi - Maria"]
[Result "1-0"]
[WhiteElo "2059"]
[BlackElo "1878"]
[Annotator "NA"]
[PlyCount "59"]
[EventDate "2019.11.20"]
[EventType "tourn"]
[EventCountry "GRE"]
[SourceTitle "playchess.com"]
[Source "ChessBase"]
[SourceQuality "1"]
[TimeControl "40/5400+30:1800+30"]

1. Nf3 {[%emt 0:00:00]} c5 {[%emt 0:00:00]} 2. g3 {[%emt 0:00:00]} Nf6 {[%emt 0:00:21]} 3. Bg2 {[%emt 0:00:35]} Nc6 {[%emt 0:00:40]} 4. O-O {[%emt 0:03:03]} d5 {[%emt 0:00:29]} 5. d4 {[%emt 0:00:29]} cxd4 {[%emt 0:08:38]} 6. Nxd4 {[%emt 0:00:09]} e5 {[%emt 0:00:43]} 7. Nxc6 {[%emt 0:02:56]} bxc6 {[%emt 0:00:07]} 8. c4 {[%emt 0:01:03]} Be7 {[%emt 0:13:23]} 9. Nc3 {[%emt 0:09:58]} Bb7 {[%emt 0:13:32]} 10. cxd5 {[%emt 0:03:55]} Nxd5 {[%emt 0:05:55]} 11. Qb3 {[%emt 0:08:22]} Nxc3 {[%emt 0:11:22]} 12. Qxc3 {[%emt 0:03:53]} Qc7 {[%emt 0:01:06]} 13. Be3 {[%emt 0:00:42]} O-O {[%emt 0:01:20]} 14. Rac1 {[%emt 0:02:07]} Rfc8 {[%emt 0:01:48]} 15. b4 {[%emt 0:03:17]} a5 {[%emt 0:13:44]} 16. b5 {[%emt 0:02:02]} c5 {[%emt 0:01:18]} 17. Bxb7 {[%emt 0:00:28]} Qxb7 {[%emt 0:00:04]} 18. a4 {[%emt 0:00:25]} Qe4 {[%emt 0:04:45]} 19. Qc4 {[%emt 0:01:14]} Qg6 {[%emt 0:07:28]} 20. Qd5 {[%emt 0:04:35]} Qg4 {[%emt 0:03:04]} 21. Qxe5 {[%emt 0:06:51]} Bf6 {[%emt 0:01:41]} 22. Qf4 {[%emt 0:00:50]} Qxe2 {[%emt 0:01:53]} 23. Rxc5 {[%emt 0:01:37]} Rxc5 {[%emt 0:00:22]} 24. Bxc5 {[%emt 0:00:08]} Be5 {[%emt 0:00:56]} 25. Qe3 {[%emt 0:00:11]} Qb2 {[%emt 0:02:57]} 26. Re1 {[%emt 0:04:49]} Re8 {[%emt 0:02:11]} 27. Bd4 {[%emt 0:02:09]} Qb4 {[%emt 0:00:46]} 28. Bxe5 {[%emt 0:00:55]} f6 {[%emt 0:00:37]} 29. Bc3 {[%emt 0:00:47]} Rxe3 {[%emt 0:00:19]} 30. Bxb4 {[%emt 0:00:07]} 1-0

[Event "42nd GRE-ch Women 2019"]
[Site "Thessaloniki"]
[Date "2019.11.24"]
[Round "5.1"]
[White "Vozinaki, Anthi - Maria"]
[Black "Hristodoulaki, Antonia"]
[Result "0-1"]
[WhiteElo "1878"]
[BlackElo "2054"]
[Annotator "NA RC"]
[PlyCount "117"]
[EventDate "2019.11.20"]
[EventType "tourn"]
[EventCountry "GRE"]
[SourceTitle "playchess.com"]
[Source "ChessBase"]
[SourceQuality "1"]
[TimeControl "40/5400+30:1800+30"]

1. e4 {[%emt 0:00:00]} e6 {[%emt 0:01:53]} 2. d4 {[%emt 0:00:00]} d5 {[%emt 0:00:08]} 3. Nc3 {[%emt 0:00:00]} Nf6 {[%emt 0:00:06]} 4. Bg5 {[%emt 0:00:00]} dxe4 {[%emt 0:00:06]} 5. Nxe4 {[%emt 0:00:00]} Be7 {[%emt 0:00:05]} 6. Bxf6 {[%emt 0:00:07]} gxf6 {[%emt 0:00:06]} 7. Nf3 {[%emt 0:00:07]} f5 {[%emt 0:00:05]} 8. Nc3 {[%emt 0:00:04]} a6 {[%emt 0:00:03] C13: French: Classical System: 4 Bg5 Be7, Alekhine-Chatard Attack} 9. Qe2 {[%emt 0:00:29]} (9. Qd2 b5 10. O-O-O b4 11. Na4 Qd5 12. b3 Bd7 13. Bc4 Qd6 14. d5 e5 15. Rhe1 e4 16. Nd4 {1-0 (40) Carlsen,M (2832)-Grischuk,A (2750) chess.com INT 2017}) 9... b5 {[%emt 0:01:23]} 10. O-O-O {[%emt 0:00:16]} b4 {[%emt 0:18:10]} 11. Na4 {[%emt 0:00:22]} Qd5 {[%emt 0:01:11]} 12. b3 {[%emt 0:00:43]} Bb7 {[%emt 0:18:04]} 13. Qe3 {[%emt 0:16:59]} Nd7 {[%emt 0:02:42]} 14. Bc4 {[%emt 0:07:52]} Qe4 {[%emt 0:02:00]} 15. Qd2 {[%emt 0:03:06]} O-O-O {[%emt 0:08:19]} 16. h3 {[%emt 0:10:53] [#]} Bd6 $146 {[%emt 0:11:09]} 17. Kb1 {[%emt 0:17:15]} Qf4 {[%emt 0:01:49]} 18. Qe2 {[%emt 0:03:20]} Nb8 {[%emt 0:10:59]} 19. d5 {[%emt 0:15:28]} exd5 {[%emt 0:01:07]} 20. Rd4 {[%emt 0:03:46]} Rhe8 {[%emt 0:02:39]} 21. Rxf4 {[%emt 0:03:43]} Rxe2 {[%emt 0:00:20]} 22. Bxe2 {[%emt 0:00:34]} Bxf4 {[%emt 0:00:02]} 23. Bd3 {[%emt 0:01:05]} Rh8 {[%emt 0:02:30]} 24. Nc5 {[%emt 0:02:28]} Nc6 {[%emt 0:06:32]} 25. Bxf5+ {[%emt 0:03:07]} Kb8 {[%emt 0:00:06]} 26. Re1 {[%emt 0:04:41]} Ka7 {[%emt 0:02:15]} 27. g3 {[%emt 0:01:23]} Bh6 {[%emt 0:00:55]} 28. Bd7 {[%emt 0:03:41]} Rd8 {[%emt 0:01:02]} ({Black should play} 28... Nd8 $14) 29. Be8 {[%emt 0:01:00]} Bc8 $2 {[%emt 0:06:28]} (29... Bg7 $16) 30. Bxf7 {[%emt 0:01:47]} Kb6 {[%emt 0:01:17]} 31. Ne6 {[%emt 0:00:38]} Rd6 {[%emt 0:00:55]} 32. Nfg5 {[%emt 0:00:29]} Nd4 {[%emt 0:00:58]} (32... Bxg5 $11 33. Nxg5 Nd8) 33. Nxd4 {[%emt 0:00:24]} Bxg5 {[%emt 0:00:01]} 34. Be6 {[%emt 0:00:31]} Bb7 {[%emt 0:01:02]} 35. Nf5 {[%emt 0:00:25]} Rd8 {[%emt 0:00:18]} 36. f4 {[%emt 0:00:13]} Bf6 {[%emt 0:00:05]} 37. Re3 {[%emt 0:00:47]} (37. Bd7 $16) 37... Bc3 {[%emt 0:00:59]} 38. g4 {[%emt 0:00:29]} d4 {[%emt 0:00:37]} 39. Rg3 $2 {[%emt 0:00:36] [#]} (39. Re2 $11 {and White is okay.}) 39... Re8 $1 {[%emt 0:00:27]} 40. Nxd4 {[%emt 0:00:00]} (40. Ng7 {was the only chance.} Re7 41. f5 Rxg7 42. a4) 40... Bxd4 {[%emt 0:00:00]} 41. f5 $19 {[%emt 0:00:57]} Bc8 {[%emt 0:05:08]} 42. c3 {[%emt 0:04:34]} Bxc3 {[%emt 0:01:36]} 43. Bxc8 {[%emt 0:00:19]} Rxc8 {[%emt 0:00:23]} 44. g5 {[%emt 0:00:20]} Kc6 {[%emt 0:03:42]} 45. f6 {[%emt 0:01:22]} Rg8 {[%emt 0:02:00]} 46. Rf3 {[%emt 0:03:43]} Kd5 {[%emt 0:02:35]} 47. h4 {[%emt 0:01:07]} Ke6 {[%emt 0:01:06]} 48. Re3+ {[%emt 0:00:54]} Be5 {[%emt 0:00:47]} 49. Re4 {[%emt 0:00:35]} a5 50. Rc4 {[%emt 0:00:20]} Bd6 {[%emt 0:00:28]} 51. Re4+ {[%emt 0:00:37]} Kf7 {[%emt 0:00:14]} 52. Kc2 {[%emt 0:00:12]} Re8 {[%emt 0:02:32]} 53. Rg4 {[%emt 0:00:49]} h6 {[%emt 0:02:29]} 54. Kd3 {[%emt 0:00:50]} hxg5 {[%emt 0:00:32]} 55. hxg5 {[%emt 0:00:06]} Kg6 {[%emt 0:00:17]} 56. Rg2 {[%emt 0:00:23]} Re5 {[%emt 0:00:34]} 57. Rf2 {[%emt 0:00:41]} Rxg5 {[%emt 0:00:23]} 58. f7 {[%emt 0:00:11]} Rf5 {[%emt 0:00:25]} 59. Kd4 0-1

[Event "42nd GRE-ch Women 2019"]
[Site "Thessaloniki"]
[Date "2019.11.24"]
[Round "5.2"]
[White "Pavlidou, Ekaterini"]
[Black "Makka, Evanthia"]
[Result "0-1"]
[WhiteElo "2183"]
[BlackElo "2059"]
[Annotator "TA"]
[PlyCount "74"]
[EventDate "2019.11.20"]
[EventType "tourn"]
[EventCountry "GRE"]
[SourceTitle "playchess.com"]
[Source "ChessBase"]
[SourceQuality "1"]

{[%evp 13,74,8,8,0,0,-11,36,29,54,66,83,79,98,75,73,90,106,63,74,56,148,121,131,137,208,181,168,162,297,299,304,150,173,92,98,91,106,95,112,-72,-63,-60,-67,-41,-42,-96,0,-8,-12,-9,22,-42,-55,-63,-68,-458,-451,-616,-732,-677,-660,-5343,-5147]} 1. Nf3 d5 2. e3 Nf6 3. c4 e6 4. Nc3 Be7 5. b3 O-O 6. Bb2 c5 7. cxd5 Nxd5 8. Qc2 {A13: English Opening: 1...e6} (8. Nxd5 exd5 9. d4 Nc6 10. Be2 cxd4 11. Nxd4 Qa5+ 12. Kf1 Nxd4 13. Bxd4 Bf5 14. Bd3 Be4 15. Bxe4 dxe4 {1-0 (49) Nakamura,H (2761)-So,W (2754) Abidjan 2019}) 8... Nc6 9. h4 Nxc3 10. dxc3 {White is slightly better.} Bf6 $146 ({Predecessor:} 10... f5 11. Rd1 Qe8 12. g4 fxg4 13. Ng5 Qh5 14. Bg2 Ne5 15. c4 Nf3+ 16. Bxf3 gxf3 {1-0 (28) Cornette,M (2620)-Niemi,K (2350) Fagernes 2018}) 11. Bd3 {aiming for 0-0-0.} g6 12. h5 {[%cal Rh5g6]} Qe8 13. a3 e5 14. O-O-O Be6 15. Nd2 Qe7 16. c4 Bh8 ({Black should try} 16... Bg7 $14) 17. g4 $16 Rad8 18. Be4 Qe8 (18... Bg7 $16 {was called for.}) 19. Bc3 Bg7 20. Rdg1 f5 (20... b5 {was worth a try.} 21. cxb5 Ne7) 21. gxf5 $18 Bxf5 22. f3 ({Don't take} 22. hxg6 $6 hxg6 23. Bxf5 Rxf5 $18) (22. Bxf5 $18 Rxf5 23. h6) 22... Ne7 23. Rg2 (23. f4 $18) 23... Bxe4 $16 24. Qxe4 Qc6 25. Qh4 {Black must now prevent hxg6.} Qf6 26. Qh2 $2 {[#]} (26. Qxf6 $16 Bxf6 27. hxg6 hxg6 28. Ne4) 26... Rd3 $1 $17 {[%cal Rd3c3]} 27. Bb2 Rxe3 28. hxg6 {[%csl Gg6,Gh1][%cal Rh2h7]} h6 29. Qh3 (29. Kb1 $15) 29... Nc6 ({Black should play} 29... Nf5 $17) 30. Ne4 Qf4 {( -> ...Re1+!)} 31. Kb1 $1 $132 {[%mdl 2048] White is not holding back} Nd4 32. Bxd4 ({Inferior is} 32. Nxc5 Rxf3 33. Qh4 Qxh4 $17) ({Better is} 32. Qd7 $1 $11) 32... exd4 $15 33. Qe6+ $1 Kh8 34. Ka2 $2 {[%mdl 8192]} ({Only move:} 34. Rg4 $1 $15 Rxb3+ {[%mdl 64] Double Attack} 35. Kc2) 34... d3 $19 {Black is clearly winning.} 35. Qd7 {[#] Threatens to win with Ng5.} Re2+ $1 36. Rxe2 dxe2 37. Nc3 Qe3 {Accuracy: White = 36%, Black = 54%.} 0-1